<?xml version="1.0" encoding="UTF-8"?>
<record
    xmlns:xsi="http://www.w3.org/2001/XMLSchema-instance"
    xsi:schemaLocation="http://www.loc.gov/MARC21/slim http://www.loc.gov/standards/marcxml/schema/MARC21slim.xsd"
    xmlns="http://www.loc.gov/MARC21/slim">

  <leader>00484nam a2200109Ia 4500</leader>
  <controlfield tag="008">171205s9999    xx            000 0 und d</controlfield>
  <datafield tag="020" ind1=" " ind2=" ">
    <subfield code="a">9781680954609</subfield>
  </datafield>
  <datafield tag="100" ind1=" " ind2=" ">
    <subfield code="a">Mratinkovic, Aleksandar.</subfield>
  </datafield>
  <datafield tag="245" ind1=" " ind2=" ">
    <subfield code="c">Aleksandar Mratinkovic, Dan Piestun, Hazen Shwky Fouda, Felecia Killings, Sandra El Hajj, Fozia Parveen, Igor Krunic, Jovan Peheevski, Tanjina Nur, Stephen Obtained, Michelle</subfield>
    <subfield code="a">Professional Development and Career Planning</subfield>
  </datafield>
  <datafield tag="260" ind1=" " ind2=" ">
    <subfield code="b">3G E-learning LLC</subfield>
    <subfield code="c">2017</subfield>
  </datafield>
  <datafield tag="300" ind1=" " ind2=" ">
    <subfield code="a">243 pages</subfield>
  </datafield>
  <datafield tag="999" ind1=" " ind2=" ">
    <subfield code="c">347423</subfield>
    <subfield code="d">347423</subfield>
  </datafield>
  <datafield tag="952" ind1=" " ind2=" ">
    <subfield code="0">0</subfield>
    <subfield code="1">0</subfield>
    <subfield code="4">0</subfield>
    <subfield code="a">CL</subfield>
    <subfield code="b">CL</subfield>
    <subfield code="c">RES</subfield>
    <subfield code="d">2017-12-05</subfield>
    <subfield code="e">Library Fund</subfield>
    <subfield code="l">2</subfield>
    <subfield code="m">5</subfield>
    <subfield code="o">HF 5381 .P964 2017</subfield>
    <subfield code="p">c21064</subfield>
    <subfield code="r">2020-01-03 00:00:00</subfield>
    <subfield code="s">2019-12-10</subfield>
    <subfield code="w">2017-12-05</subfield>
    <subfield code="y">BK</subfield>
  </datafield>
</record>
